English idioms - Statistics

General Stats
  • This quiz has been taken 999 times
  • The average score is 27 of 45
Answer Stats
Answer % Correct
Practice makes {perfect}
95%
See eye to {eye}
94%
Read between the {lines}
93%
Better safe than {sorry}
92%
Through thick and {thin}
92%
To go above and {beyond}
92%
A wild {goose} chase
91%
None of your {business}
91%
A {no}-brainer
90%
Take it with a grain of {salt}
88%
Fight {fire} with fire
85%
Between a {rock} and a hard place
81%
{Bend} over backwards
76%
Stand the {test} of time
76%
You can't have your {cake} and eat it too
75%
A can of {worms}
73%
Hold your {horses}
70%
{Pull} yourself together
69%
A {rule} of thumb
68%
Bury the {hatchet}
68%
{Catch}-22
66%
Just scratching the {surface}
65%
Not out of the {woods} yet
65%
Close but no {cigar}
63%
In one fell {swoop}
63%
Back to the {drawing board}
61%
To kick the {bucket}
59%
{Divide} and conquer
58%
In dire {straits}
53%
Right off the {bat}
52%
To go by the {book}
51%
What a {train} wreck
51%
Neck and {neck}
47%
The end {justifies} the means
46%
To {call} the shots
46%
No {guts} no glory
45%
A {bridge} too far
30%
Pushing the {envelope}
24%
To go {belly} up
19%
Show him the {ropes}
18%
A {mixed} blessing
16%
Drinking the {Kool Aid}
15%
To have in {mind}
6%
To bust one's {hump}
3%
To {weasel} out of
2%
No matching quizzes found
Score Distribution
Percent of People with Each Score
Percentile by Number Answered
Your Score History
You have not taken this quiz